Vista normal
Vista MARC
Entrada Materia (personas)
Número de registros utilizados en: 5
001 - CONTROL NUMBER
- control field: 126547
003 - CONTROL NUMBER IDENTIFIER
- control field: Co-BoUCM
005 - DATE AND TIME OF LATEST TRANSACTION
- control field: 20211020095901.0
008 - FIXED-LENGTH DATA ELEMENTS
- fixed length control field: 211020|| aca||aabn | a|a d
040 ## - CATALOGING SOURCE
- Original cataloging agency: Co-BoUCM
- Transcribing agency: Co-BoUCM
100 ## - HEADING--PERSONAL NAME
- Personal name: Berges, Consuelo
670 ## - SOURCE DATA FOUND
- Source citation: Work cat.: (Co-BoUCM)35919: Alembert, Jean Le Rond D' 126546, Discurso preliminar de la enciclopedia, 1965